[Event "ch-RUS Junior 2014"]
[Site "Loo RUS"]
[Date "2014.04.20"]
[Round "5.2"]
[White "Predke, Alexandr"]
[Black "Chigaev, Maksim"]
[Result "0-1"]
[BlackTitle "IM"]
[WhiteElo "2491"]
[BlackElo "2520"]
[WhiteFideId "24107581"]
[BlackFideId "4108116"]
[EventDate "2014.04.16"]

1. e4 c5 2. Nf3 d6 3. d4 Nf6 4. Nc3 cxd4 5. Nxd4 a6 6. Be3 e6 7. f3 b5 8. Qd2 b4
9. Na4 Nbd7 10. g4 h6 11. O-O-O Ne5 12. Qxb4 Bd7 13. Nc3 Be7 14. h4 Qc7 15. Nb3
Rb8 16. Qa5 Qxa5 17. Nxa5 Nxf3 18. Bxa6 Nxg4 19. Bg1 Ra8 20. Nb5 O-O 21. Nc7
Nxg1 22. Rhxg1 h5 23. b4 Ra7 24. Bb7 Rb8 25. Na6 Rbxb7 26. Nxb7 Rxb7 27. c4 Ne3 0-1

[Event "ch-RUS Junior 2014"]
[Site "Loo RUS"]
[Date "2014.04.20"]
[Round "5.3"]
[White "Bukavshin, Ivan"]
[Black "Stukopin, Andrey"]
[Result "1/2-1/2"]
[WhiteTitle "GM"]
[BlackTitle "IM"]
[WhiteElo "2608"]
[BlackElo "2553"]
[WhiteFideId "4199758"]
[BlackFideId "24107131"]
[EventDate "2014.04.16"]

1. e4 e5 2. Nf3 Nc6 3. Bb5 a6 4. Ba4 Nf6 5. O-O Be7 6. Re1 b5 7. Bb3 d6 8. c3
O-O 9. h3 Na5 10. Bc2 c5 11. d3 Re8 12. Nbd2 Bf8 13. Nf1 h6 14. Ng3 Nc6 15. d4
cxd4 16. cxd4 exd4 17. Nxd4 Nxd4 18. Qxd4 Bb7 19. Bf4 Rc8 20. Bb3 d5 21. e5 Bc5
22. Qd3 Qb6 23. Re2 Ne4 24. Nxe4 dxe4 25. Qg3 Kf8 26. Rd2 Rcd8 27. Rxd8 Rxd8 28.
Re1 Bd5 29. Re2 g5 30. Bd2 Bxb3 31. Qxb3 Qe6 32. Qxe6 fxe6 33. Kf1 Rd5 34. g4
Bd4 35. b3 Rxe5 36. f4 exf3 37. Rxe5 Bxe5 38. Kf2 Bf4 39. Bc3 Kf7 40. Kxf3 Kg6
41. Ke4 h5 1/2-1/2

[Event "ch-RUS Junior 2014"]
[Site "Loo RUS"]
[Date "2014.04.20"]
[Round "5.4"]
[White "Oparin, Grigoriy"]
[Black "Gordievsky, Dmitry"]
[Result "1/2-1/2"]
[WhiteTitle "GM"]
[BlackTitle "FM"]
[WhiteElo "2542"]
[BlackElo "2435"]
[WhiteFideId "24125890"]
[BlackFideId "24112798"]
[EventDate "2014.04.16"]

1. e4 c5 2. Nf3 d6 3. d4 Nf6 4. Nc3 cxd4 5. Nxd4 a6 6. Be3 e6 7. Be2 Qc7 8. f4
b5 9. a3 Bb7 10. Bf3 Nbd7 11. Qe2 e5 12. Nb3 Rc8 13. O-O-O h5 14. Kb1 Be7 15. g3
Qb8 16. Nd5 Bd8 17. h3 Qa8 18. g4 Rc4 19. Nd2 Rc8 20. Qd3 exf4 21. Bxf4 Ne5 22.
Bxe5 dxe5 23. gxh5 Qa7 24. Rhg1 Kf8 25. Nb3 Nxh5 26. Bg4 Rb8 27. Qc3 Bxd5 28.
exd5 Bb6 29. Rgf1 Qc7 30. Qxc7 Bxc7 31. Nc5 Bd6 32. Nd7+ Ke7 33. Nxb8 Bxb8 34.
Rf3 Nf4 35. Rc3 g6 36. Rc8 Rxc8 37. Bxc8 a5 38. b4 axb4 39. axb4 f5 40. h4 e4
41. c3 Ng2 42. h5 e3 43. hxg6 e2 44. Rg1 Be5 45. Bxf5 Bxc3 46. Bd3 1/2-1/2

[Event "ch-RUS Junior 2014"]
[Site "Loo RUS"]
[Date "2014.04.20"]
[Round "5.5"]
[White "Mokshanov, Alexey"]
[Black "Alekseenko, Kirill"]
[Result "1/2-1/2"]
[WhiteTitle "FM"]
[BlackTitle "FM"]
[WhiteElo "2428"]
[BlackElo "2462"]
[WhiteFideId "24121657"]
[BlackFideId "4135539"]
[EventDate "2014.04.16"]

1. e4 c5 2. Nf3 Nc6 3. d4 cxd4 4. Nxd4 Nf6 5. Nc3 e5 6. Ndb5 h6 7. Nd6+ Bxd6 8.
Qxd6 Qe7 9. Qxe7+ Kxe7 10. Be3 d6 11. Bc4 Be6 12. Bb3 a6 13. f3 b5 14. O-O-O
Rac8 15. Rd2 Na5 16. Kb1 Nc4 17. Bxc4 Rxc4 18. a3 Rhc8 19. Rhd1 R4c6 20. Bf2 Ne8
21. g4 Bc4 22. Rc1 Be6 23. Be1 Nc7 24. Rd3 h5 25. h3 hxg4 26. hxg4 Rh8 27. b3 a5
28. Na2 Ra6 29. Rcd1 f6 30. Kb2 Bf7 31. Nc3 Rha8 32. a4 bxa4 33. Nxa4 Ne6 34.
Bf2 Rb8 35. Be3 Be8 36. Nc3 Nc7 37. Ra1 a4 38. Nd5+ Nxd5 39. Rxd5 Bb5 40. Rd2
axb3 41. cxb3 Rxa1 42. Kxa1 g5 43. Kb2 Rh8 44. Kc3 Rh3 45. Rf2 Bc6 46. Kd3 d5
47. exd5 Bxd5 48. Ke2 Bxb3 49. Bc1 Bd5 50. Bb2 Ke6 51. Ba1 Rh1 52. Bc3 Rb1 53.
Kd2 Rb3 54. Rf1 Ra3 55. Rf2 Bc4 56. Kc2 Ra2+ 57. Bb2 Bd5 58. Kc3 Bc6 59. Kc2 Bb5
60. Kc3 Ra8 61. Kd2 Rd8+ 62. Ke1 Rd3 63. Bc1 Rc3 64. Bd2 Rb3 65. Bc1 Bc6 66. Ke2
Kd6 67. Be3 Bb5+ 68. Kd2 Rd3+ 69. Ke2 Kd5 70. Rh2 e4 71. Rh1 Rb3+ 72. Kf2 Rb2+
73. Kg3 exf3 74. Rh6 Rb3 75. Bb6 Bc6 76. Bd8 Ke6 77. Rxf6+ Kd7 78. Ba5 Rb2 79.
Be1 Rg2+ 80. Kh3 Be4 81. Bb4 Rb2 82. Bc5 Rc2 83. Be3 Rc3 84. Bf2 Ke7 85. Ra6 Rc4
86. Ra5 Kf6 87. Kg3 Rc2 88. Ra4 Bd5 89. Bd4+ Ke6 90. Bf2 Bc6 91. Ra5 Bd5 92. Ra4
Kf6 93. Bd4+ Ke7 94. Bf2 Kd7 95. Ra7+ Ke6 96. Rg7 Kf6 97. Bd4+ Ke6 98. Bf2 1/2-1/2

[Event "ch-RUS Junior 2014"]
[Site "Loo RUS"]
[Date "2014.04.21"]
[Round "6.1"]
[White "Chigaev, Maksim"]
[Black "Oparin, Grigoriy"]
[Result "0-1"]
[WhiteTitle "IM"]
[BlackTitle "GM"]
[WhiteElo "2520"]
[BlackElo "2542"]
[WhiteFideId "4108116"]
[BlackFideId "24125890"]
[EventDate "2014.04.16"]

1. e4 c5 2. Nf3 d6 3. d4 cxd4 4. Qxd4 Nf6 5. Bg5 Nc6 6. Bb5 Bd7 7. Bxc6 Bxc6 8.
Bxf6 gxf6 9. Nc3 Rg8 10. O-O e6 11. Qd3 Qb6 12. Nd4 Bd7 13. Rfe1 Rc8 14. Rad1
Qxb2 15. Ncb5 Qb4 16. Nxa7 Rc3 17. Qd2 Rc4 18. Qe2 Rxd4 19. c3 Qxc3 20. Nb5 Qh3
21. g3 Rxd1 22. Rxd1 Qg4 23. Qc2 Bc6 24. Nc7+ Kd7 25. Nd5 exd5 26. exd5 Ba4 27.
Qb2 Qxd1+ 0-1

[Event "ch-RUS Junior 2014"]
[Site "Loo RUS"]
[Date "2014.04.21"]
[Round "6.2"]
[White "Stukopin, Andrey"]
[Black "Predke, Alexandr"]
[Result "1/2-1/2"]
[WhiteTitle "IM"]
[WhiteElo "2553"]
[BlackElo "2491"]
[WhiteFideId "24107131"]
[BlackFideId "24107581"]
[EventDate "2014.04.16"]

1. d4 Nf6 2. c4 e6 3. g3 d5 4. Nf3 dxc4 5. Bg2 Nc6 6. Qa4 Nd7 7. Qxc4 Nb6 8. Qd3
e5 9. O-O exd4 10. Rd1 Be7 11. Nxd4 Nxd4 12. Qxd4 Qxd4 13. Rxd4 c6 14. Nc3 Be6
15. b3 O-O 16. Bf4 a5 17. Rc1 Bf6 18. Rd3 a4 19. Ne4 Be7 20. Nd6 axb3 21. axb3
Bxd6 22. Bxd6 Rfd8 23. Rcd1 f6 24. h4 Ra2 25. e4 Rb2 26. b4 Kf7 27. f4 Bg4 28.
Bc5 Rxd3 29. Rxd3 Nc4 30. Bf1 Nd2 31. Bg2 Nb3 32. Be3 Na1 33. f5 Nc2 34. Bc5 Ke8
35. Rd2 Rb1+ 36. Kf2 Nxb4 37. Bf1 Rb3 38. Rd6 Nc2 39. Rd3 Rb5 40. Bd6 Na1 41.
Rd2 Rb1 42. Bc4 Rh1 43. Ke3 Re1+ 44. Kd4 Bf3 45. Be6 b6 46. Kc3 Bxe4 47. Ra2 c5
48. Kd2 Rf1 49. Ra7 Rf3 50. Ke2 Nc2 51. Re7+ Kd8 52. Rd7+ Ke8 53. Re7+ 1/2-1/2

[Event "ch-RUS Junior 2014"]
[Site "Loo RUS"]
[Date "2014.04.21"]
[Round "6.3"]
[White "Paravyan, David"]
[Black "Bukavshin, Ivan"]
[Result "1/2-1/2"]
[WhiteTitle "IM"]
[BlackTitle "GM"]
[WhiteElo "2421"]
[BlackElo "2608"]
[WhiteFideId "4194985"]
[BlackFideId "4199758"]
[EventDate "2014.04.16"]

1. d4 Nf6 2. c4 e6 3. Nc3 Bb4 4. e3 O-O 5. Bd3 d5 6. Nf3 c5 7. O-O dxc4 8. Bxc4
cxd4 9. exd4 b6 10. Bg5 Bb7 11. Rc1 h6 12. Bh4 Nc6 13. a3 Be7 14. Qd3 Nh5 15.
Bg3 Nxg3 16. hxg3 Bf6 17. Rfd1 Ne7 18. Ba6 Bxa6 19. Qxa6 Qc8 20. Qe2 Qb7 21. Ne5
Nd5 22. Qf3 Rac8 23. Nxd5 exd5 24. Qf5 Bxe5 25. Rxc8 Rxc8 26. dxe5 Re8 27. f4
Qc6 28. Kh2 Rd8 29. Rd4 Qe6 30. Qh5 Rd7 31. Qf3 Rd8 32. a4 a5 33. Kg1 Qc6 34.
Kh2 Qe6 35. Qd1 Kh8 36. b4 axb4 37. Rxb4 f6 38. Qd4 fxe5 39. fxe5 Re8 40. Rxb6
Qxe5 41. Qxe5 Rxe5 42. Rb5 Rh5+ 43. Kg1 Rg5 44. Rb3 d4 45. Ra3 Rf5 46. Rd3 Rd5
47. Kf1 Kh7 48. Ke2 Re5+ 49. Kd2 Rh5 50. Kc2 Re5 51. Rxd4 Re2+ 52. Rd2 Re3 53.
Rd3 Re2+ 54. Rd2 Re3 55. Rd3 Re2+ 56. Kb3 Rxg2 57. a5 Re2 58. a6 Re8 59. Kb4 h5
60. Kc5 g5 61. Rd6 h4 62. gxh4 g4 63. h5 Re1 64. a7 Ra1 65. Kb6 g3 66. Rg6 Rb1+
67. Kc6 Ra1 68. Kb7 Rb1+ 69. Ka8 Rb3 70. Rg4 Kh6 71. Rxg3 1/2-1/2

[Event "ch-RUS Junior 2014"]
[Site "Loo RUS"]
[Date "2014.04.21"]
[Round "6.4"]
[White "Gordievsky, Dmitry"]
[Black "Mokshanov, Alexey"]
[Result "0-1"]
[WhiteTitle "FM"]
[BlackTitle "FM"]
[WhiteElo "2435"]
[BlackElo "2428"]
[WhiteFideId "24112798"]
[BlackFideId "24121657"]
[EventDate "2014.04.16"]

1. d4 d5 2. c4 e6 3. Nc3 c6 4. e3 Nf6 5. Nf3 Nbd7 6. Qc2 Bd6 7. Bd3 dxc4 8. Bxc4
O-O 9. O-O a6 10. a4 c5 11. dxc5 Bxc5 12. b3 b6 13. Bb2 Bb7 14. e4 Qc7 15. h3
Bd6 16. Qe2 Ne5 17. Nd2 Ng6 18. Rfd1 Rfd8 19. Rac1 Be5 20. Qe1 Bc6 21. Bf1 Qb7
22. Nc4 Bc7 23. e5 Nd7 24. Nd6 Qb8 25. Nce4 Bxe4 26. Qxe4 Ndxe5 27. Nc4 Nxc4 28.
Bxc4 a5 29. h4 Bh2+ 30. Kf1 Qf4 31. Qxf4 Bxf4 32. Rb1 Rxd1+ 33. Rxd1 Be5 34. Bc1
Nxh4 35. Be3 Bc7 36. Rd7 Bd8 37. Ke2 Nf5 38. Bf4 h5 39. Kd3 Be7 40. Bc7 Bc5 41.
f3 h4 42. Bb5 Ne3 43. Bc6 Rc8 44. f4 Nd5 45. Bxd5 exd5 46. Be5 f6 47. Bc3 Re8
48. Rxd5 Re3+ 49. Kc4 Re4+ 50. Kb5 Bf2 51. Bd2 Kf7 52. f5 Rg4 53. Rd7+ Kg8 54.
Rd3 Rxg2 55. Be3 Bxe3 56. Rxe3 Rg3 0-1

[Event "ch-RUS Junior 2014"]
[Site "Loo RUS"]
[Date "2014.04.22"]
[Round "7.1"]
[White "Mokshanov, Alexey"]
[Black "Chigaev, Maksim"]
[Result "1-0"]
[WhiteTitle "FM"]
[BlackTitle "IM"]
[WhiteElo "2428"]
[BlackElo "2520"]
[WhiteFideId "24121657"]
[BlackFideId "4108116"]
[EventDate "2014.04.16"]

1. e4 Nf6 2. e5 Nd5 3. d4 d6 4. Nf3 dxe5 5. Nxe5 c6 6. c4 Nf6 7. Nc3 g6 8. Be2
Bg7 9. O-O O-O 10. Be3 Na6 11. Qb3 Qa5 12. a3 Ne8 13. f4 Nd6 14. c5 Be6 15. Qc2
Nf5 16. Bf2 Rad8 17. b4 Qc7 18. Rad1 Nb8 19. Rfe1 Nd7 20. Bf3 Nxe5 21. fxe5 h5
22. b5 cxb5 23. Nxb5 Qa5 24. Nc3 Qxa3 25. d5 Bc8 26. Ra1 Qxa1 27. Rxa1 Bxe5 28.
Rxa7 Nd4 29. Qd2 Nxf3+ 30. gxf3 Bxc3 31. Qxc3 Rxd5 32. h4 e5 33. Ra8 Rfd8 34.
Qa5 R5d7 35. Rb8 Rd1+ 36. Kh2 R1d7 37. c6 bxc6 38. Qa8 Rd2 39. Rxc8 Rxf2+ 40.
Kg1 Rxc8 41. Qxc8+ 1-0

[Event "ch-RUS Junior 2014"]
[Site "Loo RUS"]
[Date "2014.04.22"]
[Round "7.2"]
[White "Oparin, Grigoriy"]
[Black "Stukopin, Andrey"]
[Result "1-0"]
[WhiteTitle "GM"]
[BlackTitle "IM"]
[WhiteElo "2542"]
[BlackElo "2553"]
[WhiteFideId "24125890"]
[BlackFideId "24107131"]
[EventDate "2014.04.16"]

1. e4 e5 2. Nf3 Nc6 3. Bb5 a6 4. Ba4 Nf6 5. O-O Be7 6. Re1 b5 7. Bb3 d6 8. c3
O-O 9. d4 Bg4 10. d5 Na5 11. Bc2 c6 12. h3 Bc8 13. dxc6 Qc7 14. Nbd2 Qxc6 15.
Nf1 Nc4 16. Ng3 Re8 17. a4 h6 18. Nh4 Bb7 19. Nhf5 d5 20. Qf3 Bf8 21. exd5 Qxd5
22. Ne4 Re6 23. axb5 axb5 24. Rxa8 Bxa8 25. Nxh6+ gxh6 26. Qxf6 Nd6 27. Qh4 Rg6
28. f3 Kg7 29. Ng3 f5 30. Rd1 Qc5+ 31. Kh1 e4 32. fxe4 Kg8 33. Qf4 Bg7 34. Bb3+
Kh7 35. Bd5 Bb7 36. Nxf5 Be5 37. Qxe5 Qf2 38. Qe7+ Kh8 39. Qf8+ Kh7 40. Bg8+ 1-0

[Event "ch-RUS Junior 2014"]
[Site "Loo RUS"]
[Date "2014.04.22"]
[Round "7.3"]
[White "Predke, Alexandr"]
[Black "Paravyan, David"]
[Result "1-0"]
[BlackTitle "IM"]
[WhiteElo "2491"]
[BlackElo "2421"]
[WhiteFideId "24107581"]
[BlackFideId "4194985"]
[EventDate "2014.04.16"]

1. c4 e5 2. Nc3 Nf6 3. Nf3 Nc6 4. g3 d5 5. cxd5 Nxd5 6. Bg2 Nb6 7. O-O Be7 8. a3
O-O 9. b4 Be6 10. Rb1 a6 11. d3 f5 12. Bb2 Bf6 13. Nd2 Nd5 14. Nxd5 Bxd5 15. e4
fxe4 16. Bxe4 Qd7 17. Qc2 Rfd8 18. Rbd1 Rac8 19. Rfe1 a5 20. bxa5 Nxa5 21. d4
exd4 22. Bxh7+ Kh8 23. Bf5 Qc6 24. Qd3 Nc4 25. Bxd4 Bh1 26. Qf1 Rxd4 27. Qh3+
Bh4 28. Nxc4 Re8 29. Rxe8+ 1-0

[Event "ch-RUS Junior 2014"]
[Site "Loo RUS"]
[Date "2014.04.22"]
[Round "7.4"]
[White "Alekseenko, Kirill"]
[Black "Gordievsky, Dmitry"]
[Result "1/2-1/2"]
[WhiteTitle "FM"]
[BlackTitle "FM"]
[WhiteElo "2462"]
[BlackElo "2435"]
[WhiteFideId "4135539"]
[BlackFideId "24112798"]
[EventDate "2014.04.16"]

1. e4 Nf6 2. e5 Nd5 3. d4 d6 4. Nf3 dxe5 5. Nxe5 c6 6. Bc4 g6 7. Nd2 Bg7 8. Ndf3
O-O 9. O-O Be6 10. Bb3 a5 11. c3 Bf5 12. Nh4 Bc8 13. Re1 Nd7 14. Nhf3 N7b6 15.
a4 Bf5 16. Qe2 Qc7 17. Bd2 Nf6 18. Nh4 Be4 19. Bf4 Qc8 20. Nhf3 Bd5 21. c4 Bxf3
22. Nxf3 Re8 23. Rad1 c5 24. dxc5 Nbd7 25. c6 bxc6 26. c5 e6 27. Bd6 Bf8 28. Qc2
Qb7 29. Ba2 Bxd6 30. Rxd6 Rab8 31. Re2 Rbc8 32. Rd4 Nd5 33. Qc1 Qa7 34. Rc4 Nb4
35. Bb1 Rcd8 36. Re1 Nf8 37. Ne5 Rd5 38. Ng4 Nd7 39. Qc3 e5 40. Be4 h5 41. Bxd5
Nxd5 42. Nh6+ Kg7 43. Qd2 f6 44. g4 Rh8 45. g5 fxg5 46. Qxg5 Rxh6 47. f4 h4 48.
f5 Qb8 49. Rxh4 Rxh4 50. Qxh4 Qf8 51. fxg6 Qxc5+ 52. Kh1 N5f6 53. Rd1 Kxg6 54.
Qh3 Qc4 55. b3 Qe4+ 56. Kg1 Nc5 57. Rd6 Qe1+ 58. Qf1 Qe3+ 59. Kh1 Ne4 60. Rxc6
Nf2+ 61. Kg1 Ng4+ 62. Kh1 Nf2+ 63. Kg1 Ne4+ 64. Kh1 Qxb3 65. Qg1+ Kh5 66. Qf1
Kg6 67. Qg1+ Kf5 68. Qf1+ Kg5 69. Qc1+ Kg4 70. Qg1+ Kf4 71. Qc1+ Kf5 72. Qf1+
Kg6 73. Qf5+ 1/2-1/2

[Event "ch-RUS Junior 2014"]
[Site "Loo RUS"]
[Date "2014.04.23"]
[Round "8.2"]
[White "Chigaev, Maksim"]
[Black "Alekseenko, Kirill"]
[Result "1/2-1/2"]
[WhiteTitle "IM"]
[BlackTitle "FM"]
[WhiteElo "2520"]
[BlackElo "2462"]
[WhiteFideId "4108116"]
[BlackFideId "4135539"]
[EventDate "2014.04.16"]

1. e4 c5 2. Nf3 Nc6 3. Bb5 d6 4. d4 cxd4 5. Qxd4 Bd7 6. Qd3 Nf6 7. c4 g6 8. Nc3
Bg7 9. O-O O-O 10. h3 Rc8 11. Be3 a6 12. Bxc6 Bxc6 13. Nd4 Nd7 14. Rac1 Nc5 15.
Qc2 Ne6 16. Qd2 Qa5 17. Nxe6 fxe6 18. Bd4 Bxd4 19. Qxd4 Qc5 20. Qxc5 dxc5 21. f3
g5 22. Kf2 Kf7 23. h4 Rcd8 24. Ke3 Rg8 25. g4 h6 26. Rcd1 b5 27. hxg5 hxg5 28.
Rh1 bxc4 29. Rh7+ Kf6 30. Rh6+ Ke5 31. Rh5 Kf6 32. Rh6+ Ke5 33. Rxd8 Rxd8 34.
Rg6 Rb8 35. Rxg5+ Kd6 36. Nd1 Ba4 37. Nc3 Bc6 38. Nd1 Ba4 39. Nc3 Bc6 40. Nd1
Ba4 1/2-1/2

[Event "ch-RUS Junior 2014"]
[Site "Loo RUS"]
[Date "2014.04.23"]
[Round "8.3"]
[White "Stukopin, Andrey"]
[Black "Mokshanov, Alexey"]
[Result "0-1"]
[WhiteTitle "IM"]
[BlackTitle "FM"]
[WhiteElo "2553"]
[BlackElo "2428"]
[WhiteFideId "24107131"]
[BlackFideId "24121657"]
[EventDate "2014.04.16"]

1. e4 e6 2. d4 d5 3. Nd2 Nf6 4. e5 Nfd7 5. Bd3 c5 6. c3 Nc6 7. Ne2 cxd4 8. cxd4
f6 9. Nf4 Nxd4 10. Qh5+ Ke7 11. Ng6+ hxg6 12. exf6+ Nxf6 13. Qxh8 Kf7 14. Qh4 e5
15. Nf3 Nxf3+ 16. gxf3 Bf5 17. Bxf5 gxf5 18. Bg5 Qa5+ 19. Kf1 g6 20. Qh8 Qa6+
21. Kg2 Rd8 22. Rac1 Be7 23. Qh4 Qd6 24. Rc2 Nh5 25. Rhc1 Rd7 26. Rc8 Bxg5 27.
Qxg5 Qf6 28. Qh6 Qg7 29. Qe3 d4 30. Qa3 Nf4+ 31. Kh1 Ne6 32. Qxa7 Qh6 33. Qa4
Ke7 34. Rg1 Qh3 35. Qb3 g5 36. Rcc1 Kf6 37. Rg3 Qh5 38. f4 Nxf4 39. Rc8 Qf7 40.
Qb6+ Qe6 41. Qc5 Qd5+ 42. Qxd5 Rxd5 43. Rf8+ Ke6 44. Rxg5 d3 45. Rg1 Nh3 46.
Rg6+ Ke7 47. Rgg8 Rd7 48. Rg7+ Kd6 49. Rf6+ Kc7 50. Rff7 Rxf7 51. Rxf7+ Kd8 0-1

[Event "ch-RUS Junior 2014"]
[Site "Loo RUS"]
[Date "2014.04.23"]
[Round "8.4"]
[White "Paravyan, David"]
[Black "Oparin, Grigoriy"]
[Result "0-1"]
[WhiteTitle "IM"]
[BlackTitle "GM"]
[WhiteElo "2421"]
[BlackElo "2542"]
[WhiteFideId "4194985"]
[BlackFideId "24125890"]
[EventDate "2014.04.16"]

1. e4 c5 2. Nf3 d6 3. d4 cxd4 4. Nxd4 Nf6 5. Nc3 a6 6. Bg5 Nc6 7. Qd2 e6 8.
O-O-O Bd7 9. f3 b5 10. Kb1 Be7 11. Nxc6 Bxc6 12. h4 Rc8 13. Ne2 Qc7 14. Nd4 Bb7
15. g4 O-O 16. Bd3 Rfd8 17. h5 d5 18. e5 Ne4 19. Bxe4 dxe4 20. Bxe7 Qxe7 21. h6
exf3 22. hxg7 Be4 23. Qf4 Bg6 24. Ka1 Bxc2 25. Nxc2 Rxd1+ 26. Rxd1 Rxc2 27. Qxf3
Qg5 28. Kb1 Rd2 29. Rxd2 Qxd2 30. a3 Kxg7 31. Qf6+ Kg8 32. g5 a5 33. Ka2 Qd5+
34. Kb1 Qd1+ 35. Ka2 Qd2 36. Qe7 Qd5+ 37. Ka1 Qxe5 38. Qd8+ Kg7 39. Qxa5 Qxg5
40. a4 Qg1+ 41. Ka2 bxa4 42. Qe5+ f6 43. Qxe6 Qg6 44. Ka3 h5 45. Qd7+ Kh6 46.
Qd2+ Qg5 47. Qd8 Qf4 48. Qg8 Qf3+ 0-1

[Event "ch-RUS Junior 2014"]
[Site "Loo RUS"]
[Date "2014.04.23"]
[Round "8.5"]
[White "Bukavshin, Ivan"]
[Black "Predke, Alexandr"]
[Result "1-0"]
[WhiteTitle "GM"]
[WhiteElo "2608"]
[BlackElo "2491"]
[WhiteFideId "4199758"]
[BlackFideId "24107581"]
[EventDate "2014.04.16"]

1. d4 Nf6 2. c4 e6 3. Nf3 b6 4. a3 Bb7 5. Nc3 d5 6. Bg5 Be7 7. e3 O-O 8. Qc2 h6
9. Bxf6 Bxf6 10. cxd5 exd5 11. h4 c5 12. O-O-O cxd4 13. exd4 Bc8 14. Ne5 Be6 15.
f4 Qc8 16. Bd3 Nc6 17. Kb1 Ne7 18. Rc1 Bf5 19. Ka1 Bxd3 20. Qxd3 Qf5 21. Qf3 h5
22. g4 hxg4 23. Nxg4 Rac8 24. Rcd1 Nc6 25. Rhg1 Kh8 26. Nxf6 Qxf6 27. Nxd5 Qd6
28. Rg5 Rfd8 29. Qh5+ Qh6 30. Qxf7 Rf8 31. Qd7 Na5 32. Qg4 Qd6 33. Rg1 Nb3+ 34.
Ka2 Nc1+ 35. Kb1 1-0

[Event "ch-RUS Junior 2014"]
[Site "Loo RUS"]
[Date "2014.04.24"]
[Round "9.2"]
[White "Gordievsky, Dmitry"]
[Black "Chigaev, Maksim"]
[Result "1/2-1/2"]
[WhiteTitle "FM"]
[BlackTitle "IM"]
[WhiteElo "2435"]
[BlackElo "2520"]
[WhiteFideId "24112798"]
[BlackFideId "4108116"]
[EventDate "2014.04.16"]

1. d4 Nf6 2. c4 e6 3. Nc3 Bb4 4. f3 c5 5. d5 O-O 6. e4 b5 7. e5 exd5 8. exf6 d4
9. a3 Ba5 10. b4 dxc3 11. bxa5 Qxf6 12. Qd5 Re8+ 13. Kf2 c2 14. Ra2 Bb7 15. Qxb7
Qd4+ 16. Kg3 Qe5+ 17. Kh3 Qh5+ 18. Kg3 Qe5+ 19. Kh3 Qh5+ 20. Kg3 1/2-1/2

[Event "ch-RUS Junior 2014"]
[Site "Loo RUS"]
[Date "2014.04.24"]
[Round "9.3"]
[White "Alekseenko, Kirill"]
[Black "Stukopin, Andrey"]
[Result "1/2-1/2"]
[WhiteTitle "FM"]
[BlackTitle "IM"]
[WhiteElo "2462"]
[BlackElo "2553"]
[WhiteFideId "4135539"]
[BlackFideId "24107131"]
[EventDate "2014.04.16"]

1. e4 c5 2. Nf3 e6 3. d4 cxd4 4. Nxd4 a6 5. Nc3 Qc7 6. Be2 b5 7. O-O Bb7 8. Re1
Nc6 9. Nxc6 dxc6 10. e5 Rd8 11. Bd3 c5 12. Qe2 c4 13. Be4 Bxe4 14. Qxe4 Ne7 15.
Bf4 Ng6 16. Rad1 Bb4 17. Rxd8+ Qxd8 18. Bg5 Qc8 19. h4 h6 20. h5 hxg5 21. hxg6
O-O 22. gxf7+ Rxf7 23. Qg6 Bxc3 24. bxc3 Qc5 25. Re3 Qd5 26. Qxg5 Qd1+ 27. Kh2
Qd2 28. Qh5 Qxf2 29. Rh3 Qf4+ 30. Kh1 Qf1+ 31. Kh2 Qf4+ 32. Kh1 Qc1+ 33. Kh2
Qf4+ 1/2-1/2

[Event "ch-RUS Junior 2014"]
[Site "Loo RUS"]
[Date "2014.04.24"]
[Round "9.4"]
[White "Mokshanov, Alexey"]
[Black "Paravyan, David"]
[Result "1/2-1/2"]
[WhiteTitle "FM"]
[BlackTitle "IM"]
[WhiteElo "2428"]
[BlackElo "2421"]
[WhiteFideId "24121657"]
[BlackFideId "4194985"]
[EventDate "2014.04.16"]

1. e4 e5 2. Nf3 Nc6 3. d4 exd4 4. Nxd4 Nf6 5. Nc3 Bb4 6. Nxc6 bxc6 7. Bd3 O-O 8.
O-O d5 9. exd5 cxd5 10. h3 Re8 11. Qf3 Rb8 12. Bf4 Ba5 13. Rab1 Bb7 14. Bg5 c5
15. Qf5 Qc8 16. Qf4 Bc7 17. Qh4 Ne4 18. Bxe4 dxe4 19. Bf4 Bc6 20. Rfe1 Rb4 21.
Bxc7 Qxc7 22. Qg5 Re5 23. Qe3 h6 24. Red1 Kh7 25. Ne2 a5 26. b3 a4 27. Rd2 Qe7
28. Rbd1 axb3 29. axb3 Rb7 30. Rd6 Rd7 31. Rxd7 Bxd7 32. Qd2 Bf5 33. Nf4 e3 34.
fxe3 Be4 35. Nd3 Rg5 36. Ne1 Qe6 37. Qd7 Qg6 38. Rd2 Rf5 39. Rf2 Rxf2 40. Kxf2
Bxc2 41. Nxc2 Qxc2+ 42. Kf3 Qxb3 43. Qf5+ g6 44. Qxc5 1/2-1/2

[Event "ch-RUS Junior 2014"]
[Site "Loo RUS"]
[Date "2014.04.24"]
[Round "9.5"]
[White "Oparin, Grigoriy"]
[Black "Bukavshin, Ivan"]
[Result "1/2-1/2"]
[WhiteTitle "GM"]
[BlackTitle "GM"]
[WhiteElo "2542"]
[BlackElo "2608"]
[WhiteFideId "24125890"]
[BlackFideId "4199758"]
[EventDate "2014.04.16"]

1. e4 c6 2. Nf3 d5 3. Nc3 Bg4 4. h3 Bxf3 5. Qxf3 e6 6. Be2 Bc5 7. O-O Ne7 8. Qg4
O-O 9. exd5 cxd5 10. d4 Bb4 11. Nb1 Qc7 12. Bd3 Bd6 13. c3 Nd7 14. Bg5 Ng6 15.
Nd2 f5 16. Qe2 Rae8 17. Nf3 Nf6 18. Bb5 Re7 19. g3 a6 20. Bd3 Ree8 21. Bxf6 gxf6
22. c4 dxc4 23. Bxc4 Kh8 24. Rfe1 Qg7 25. Kh1 Qh6 26. Ng1 e5 27. Qf3 f4 28. g4
exd4 29. Rxe8 Rxe8 30. Qd5 Bb8 31. Qxd4 Ne5 32. Re1 b5 33. Bd3 Rg8 34. Bf5 Qh4
35. Rc1 Nc4 36. Be6 Be5 37. Qa7 Rd8 38. Bxc4 bxc4 39. Rxc4 h5 40. Qxa6 Qxf2 1/2-1/2